|
|
|
|
| LEADER |
00000cam a2200000 7i4500 |
| 001 |
0000000331 |
| 005 |
20030422.0 |
| 020 |
0 |
0 |
|a 354058525
|
| 090 |
0 |
0 |
|a 634.95
|b PAA 1995
|
| 100 |
1 |
0 |
|a PAAVILAINEN
|h E.
|
| 245 |
0 |
0 |
|a Peatland forestry :
|b Ecology and principles
|c E. Paavilainen, J. Päivänen
|
| 260 |
0 |
0 |
|a Berlin ; New York :
|b Springer-Verlag ,
|c 1995
|
| 300 |
|
|
|a xi, 248 p. :
|b ill. ;
|c 25 cm.
|
| 440 |
0 |
0 |
|a Ecological studies; v. 111: analysis and synthesis
|
| 500 |
0 |
0 |
|a Bibliography: (p. [201]-241) and index
|
| 650 |
0 |
0 |
|a Peatland forestry
|
| 700 |
0 |
1 |
|a Päivänen
|h J. (Juhani) ,
|c 1941-
|
| 998 |
|
|
|a JPSM
|
| 999 |
|
|
|a 0000001502
|b Monograph
|c Open Shelf
|e Default branch
|